logo

Bir Sreshtho Munshi Abdur Rouf Library
Jhenaidah Cadet College

Toys and inventions / (Record no. 7710)

MARC details
000 -LEADER
fixed length control field 00812pam a2200301 a 4500
001 - CONTROL NUMBER
JCCL Control Number 7710
003 - CONTROL NUMBER IDENTIFIER
JCCL marc code BD - JhCC
005 - DATE AND TIME OF LATEST TRANSACTION
control field 20181007084420.0
008 - FIXED-LENGTH DATA ELEMENTS--GENERAL INFORMATION
fixed length control field 181007s1957 enkac j 001 0 eng d
035 ## - SYSTEM CONTROL NUMBER
system control number (BD - JhCC)7710
035 ## - SYSTEM CONTROL NUMBER
system control number (UkLCURL)99013431577
038 ## - RECORD CONTENT LICENSOR
Record content licensor Uk
040 ## - CATALOGING SOURCE
Original cataloging agency StDuBDS
Transcribing agency StDuBDS
Modifying agency Uk
-- BD - JhCC
041 ## - LANGUAGE CODE
Language code of Book eng
082 04 - DEWEY DECIMAL CLASSIFICATION NUMBER
Classification number 688.72
DDC Edition number 22
Author mark and Year BID 2006
090 ## - LOCALLY ASSIGNED LC-TYPE CALL NUMBER (OCLC); LOCAL CALL NUMBER (OCLC)
Classification number (OCLC) (R) ; Classification number, CALL (RLIN) (NR) BNB
100 1# - MAIN ENTRY--PERSONAL NAME
Personal name Mckay, Herbert
245 10 - TITLE STATEMENT
Title Toys and inventions /
Statement of responsibility, etc Herbert Mckay,
260 ## - PUBLICATION, DISTRIBUTION, ETC. (IMPRINT)
Place of publication, distribution, etc London :
Name of publisher, distributor, etc Oxford University press,
Date of publication, distribution, etc 1957.
300 ## - PHYSICAL DESCRIPTION
Pagination 176 p. :
Other physical details ill. ;
Dimensions 20 cm.
490 1# - SERIES STATEMENT
Series statement Everyday inventions
500 ## - GENERAL NOTE
General note Includes index.
500 ## - GENERAL NOTE
General note Formerly CIP.
Institution to which field applies Uk
650 #0 - SUBJECT ADDED ENTRY--TOPICAL TERM
Topical term or geographic name as entry element Toys
Form subdivision Juvenile literature.
650 #0 - SUBJECT ADDED ENTRY--TOPICAL TERM
Topical term or geographic name as entry element Games
Form subdivision Juvenile literature.
942 ## - ADDED ENTRY ELEMENTS (KOHA)
Source of classification or shelving scheme Dewey Decimal Classification
Koha item type Books
Holdings
Source of classification or shelving scheme Damaged status Not for loan Home library Current library Shelving location Total Checkouts Full call number Barcode Date last seen Copy number Koha item type
Dewey Decimal Classification     JCC Rouf Library JCC Rouf Library General Stacks   688.72 BID 2006 817 02/13/2018 C -1 Books

JCC Library | Contacts | JCC Home

Last Update on 23 September 2017
Copyright @ 2017-2020 JCC Rouf Library
Rouf Library, Jhenidah Cadet College (JCC), Bangladesh